| 000 | 00597nam a22002177a 4500 | ||
|---|---|---|---|
| 003 | OSt | ||
| 005 | 20140310182045.0 | ||
| 008 | 130816t xxu||||| |||| 00| 0 eng d | ||
| 020 | _a0072934824 | ||
| 050 |
_aQA 154.3 _b.D837 2006 |
||
| 082 |
_aHS 512.9 _bD87 2006 |
||
| 100 |
_aDugopolski, Mark _911543 |
||
| 245 |
_aAlgebra for college students / _cMark Dugopolski |
||
| 250 | _a4th ed. | ||
| 260 |
_aBoston : _bMcGraw-Hill, _cc2006. |
||
| 300 |
_a889 p.: _bill.; _c220 cm. |
||
| 541 | _j1 | ||
| 600 |
_aMark Dugopolski. _911544 |
||
| 650 |
_a Algebra _911545 |
||
| 942 |
_2lcc _cHS |
||
| 999 |
_c8863 _d8863 |
||